Các hợp chất thiên nhiên có hoạt tính sinh học phòng chống một số bệnh cho người và vật nuôi

Giới thiệu các loại hợp chất thiên nhiên có trong cây cỏ, động vật, vi sinh vật dùng làm thuốc như Flavonoid, glucozid, saponin, terpenoid, ancaloid, poniphenol, kháng sinh, enzym, vitamin, tinh dầu...

Gorde:
Xehetasun bibliografikoak
Egile nagusia: Đái Duy Ban
Formatua: Liburua
Hizkuntza:Vietnamese
Argitaratua: H. Khoa học Tự nhiên và Công nghệ 2008
Saila:Bộ sách Chuyên khảo ứng dụng và phát triển công nghệ cao
Gaiak:
Etiketak: Etiketa erantsi
Etiketarik gabe, Izan zaitez lehena erregistro honi etiketa jartzen!
Thư viện lưu trữ: Mạng thư viện Đại học Đà Nẵng
LEADER 01642aam a22003738a 4500
001 000016657
003 13060
005 20121129141115.0
008 121129s2008 viesd
020 |c 90000đ  |d 400b 
041 0 |a vie 
082 1 4 |2 14  |a 615.1  |b ĐA-B 
100 1 |a Đái Duy Ban 
245 1 0 |a Các hợp chất thiên nhiên có hoạt tính sinh học phòng chống một số bệnh cho người và vật nuôi  |c Đái Duy Ban 
260 |a H.  |b Khoa học Tự nhiên và Công nghệ  |c 2008 
300 |a 190 tr.  |b bảng  |c 24 cm. 
490 0 |a Bộ sách Chuyên khảo ứng dụng và phát triển công nghệ cao 
500 |a ĐTTS ghi: Viện Khoa học và Công nghệ Việt Nam 
504 |a Thư mục: tr. 189-190 
520 |a Giới thiệu các loại hợp chất thiên nhiên có trong cây cỏ, động vật, vi sinh vật dùng làm thuốc như Flavonoid, glucozid, saponin, terpenoid, ancaloid, poniphenol, kháng sinh, enzym, vitamin, tinh dầu... 
650 7 |2 Bộ TK TVQG  |a Thuốc 
650 7 |2 Bộ TK TVQG  |a Dược phẩm 
650 7 |2 Bộ TK TVQG  |a Hợp chất tự nhiên 
655 7 |2 Bộ TK TVQG  |a Sách chuyên khảo 
OWN |a LSP 
AVA |a UDN50  |b LSP  |d 615.1 ĐA-B  |e available  |t Error 5001 Not defined in file expand_doc_bib_avail.  |f 6  |g 0  |h N  |i 1  |k 1 
999 |a From the UDN01 
AVA |a UDN50  |b LSP  |d 615.1 ĐA-B  |e available  |t Error 5001 Not defined in file expand_doc_bib_avail.  |f 6  |g 0  |h N  |i 1  |k 1 
TYP |a Monograph 
TYP |a Printed language 
980 |a Mạng thư viện Đại học Đà Nẵng